Statistics for Star Wars Jedi: Fallen Order enemies

Click here to take the quiz!

General Stats

  • This quiz has been taken 38 times
  • The average score is 13 of 21

Answer Stats

Answer% Correct
EmpireStormtrooper
100%
EmpireScout Trooper
86%
EmpireRocket Launcher Trooper
71%
EmpireElectrostaff Purge Trooper
67%
ZeffoTomb Guardian
67%
Haxion BroodBounty Hunter
62%
EmpireFlametrooper
62%
EmpireScout Trooper Commander
62%
EmpireStormtrooper Commander
62%
Haxion BroodBounty Droid
57%
DathomirNightbrother Archer
57%
EmpireSecurity Droid
57%
Haxion BroodCommando
52%
EmpireElectrobation Purge Trooper
52%
EmpireElectrohammer Purge Trooper
52%
DathomirNightbrother Warrior
52%
EmpireProbe Droid
52%
EmpirePurge Trooper Commander
52%
EmpireAT-ST
48%
DathomirUndead Nightsister
48%
EmpireHeavy Assault Trooper
43%

Score Distribution

Percentile by Number Answered

Percent of People with Each Score

Your Score History

You have not taken this quiz